As capitais mais altas do mundo - Statistics

Estatísticas Gerais
  • Esse quiz foi jogado 26 vezes
  • A pontuação média é 7 de 20
Estatísticas das Respostas
Continente Altitude Capital % Correto
América do Sul 2625 m Bogotá
91%
América do Sul 2850 m Quito
87%
América do Sul 3640 m La Paz
83%
América do Norte 2240 m Cidade do México
74%
América do Sul 2790 m Sucre
70%
Ásia 1400 m Catmandu
48%
África 1795 m Nairóbi
48%
Ásia 1790 m Cabul
39%
Ásia 2334 m Thimbu
35%
África 2355 m Adis Abeba
30%
Ásia 1350 m Ulan Bator
30%
América do Norte 1529 m Cidade da Guatemala
26%
África 1483 m Harare
17%
África 1567 m Kigali
17%
Ásia 1830 m Teerã
17%
África 1504 m Gitega
4%
África 1673 m Maseru
4%
África 1721 m Windhoek
4%
África 2325 m Asmara
0%
Ásia 2250 m Saná
0%
Nenhum quiz correspondente encontrado
Distribuição das Pontuações
Porcentagem de Pessoas com Cada Pontuação
Percentil de Números Respondidos
Sua Pontuação Histórica
Você não jogou esse quiz